[Event "1st League CS 2011"]
[Site "Kraljevo"]
[Date "2011.09.20"]
[Round "5.2"]
[White "Dmitrovic, Tomislav"]
[Black "Milenkovic, Mladen"]
[Result "0-1"]
[WhiteElo "2295"]
[BlackElo "2396"]
[PlyCount "84"]
[EventDate "2011.09.17"]

1. b3 c5 2. Nf3 Nf6 3. Bb2 g6 4. c4 Bg7 5. e3 O-O 6. Be2 b6 7. O-O Bb7 8. d4
Na6 9. a3 cxd4 10. Bxd4 Nc5 11. Nbd2 Rc8 12. Rc1 d6 13. b4 Ne6 14. Bb2 Rc7 15.
Nd4 Nxd4 16. Bxd4 Qa8 17. Nf3 Rfc8 18. Ra1 Be4 19. Ra2 d5 20. Be5 Rd7 21. c5
bxc5 22. Ba6 Rf8 23. Qa4 Rdd8 24. bxc5 d4 25. exd4 Bxf3 26. gxf3 Qxf3 27. Bg3
Ne4 28. Be2 Qf5 29. Qc2 Rxd4 30. Bd3 Qd5 31. Bxe4 Rxe4 32. Rd1 Qc6 33. a4 h5
34. h3 h4 35. Bh2 Rc8 36. Ra3 Be5 37. Rad3 Kg7 38. Rd5 Bxh2+ 39. Kxh2 Qe6 40.
R1d3 f6 41. Rd8 Rxd8 42. Rxd8 Re2 0-1

[Event "1st League CS 2011"]
[Site "Kraljevo"]
[Date "2011.09.20"]
[Round "5.2"]
[White "Milosevic, Aleksandar"]
[Black "Markovic, Marko"]
[Result "1/2-1/2"]
[WhiteElo "2275"]
[BlackElo "2285"]
[PlyCount "36"]
[EventDate "2011.09.17"]

1. b3 e5 2. Bb2 Nc6 3. e3 d6 4. g3 h5 5. d4 exd4 6. exd4 Bg4 7. f3 Bf5 8. Na3
d5 9. Qe2+ Qe7 10. Qxe7+ Bxe7 11. c3 O-O-O 12. Bh3 Nh6 13. Kf2 g5 14. Bxf5+
Nxf5 15. Nc2 h4 16. Ne2 Rhf8 17. Rag1 Rde8 18. Bc1 f6 1/2-1/2

[Event "1st League CS 2011"]
[Site "Kraljevo"]
[Date "2011.09.20"]
[Round "5.2"]
[White "Trifunovic, Miroljub"]
[Black "Dezelin, Milan"]
[Result "1/2-1/2"]
[WhiteElo "2305"]
[BlackElo "2287"]
[PlyCount "42"]
[EventDate "2011.09.17"]

1. e4 c5 2. d3 Nc6 3. g3 g6 4. Bg2 Bg7 5. c3 d6 6. f4 e5 7. Nf3 Nge7 8. O-O O-O
9. Be3 b6 10. Na3 Ba6 11. Re1 Qc7 12. Rc1 Rad8 13. d4 exd4 14. cxd4 Nb4 15. Ra1
Rfe8 16. Qb3 Nec6 17. dxc5 dxc5 18. e5 Na5 19. Qc3 Rd3 20. Qc1 Rxa3 21. bxa3
Nd3 1/2-1/2

[Event "1st League CS 2011"]
[Site "Kraljevo"]
[Date "2011.09.20"]
[Round "5.2"]
[White "Brankovic, Dejan"]
[Black "Zafirovski, Mite"]
[Result "1/2-1/2"]
[WhiteElo "2341"]
[BlackElo "2239"]
[PlyCount "27"]
[EventDate "2011.09.17"]

1. e4 c5 2. Nf3 Nc6 3. d4 cxd4 4. Nxd4 Qc7 5. Nc3 e6 6. Be2 a6 7. Be3 b5 8.
Nxc6 dxc6 9. O-O Bb7 10. f4 Be7 11. a4 b4 12. Nb1 c5 13. Nd2 Nf6 14. Bf3
1/2-1/2

[Event "1st League CS 2011"]
[Site "Kraljevo"]
[Date "2011.09.20"]
[Round "5.2"]
[White "Maksimovic, Boban"]
[Black "Mladenovic, Stefan"]
[Result "0-1"]
[WhiteElo "2228"]
[BlackElo "2137"]
[PlyCount "80"]
[EventDate "2011.09.17"]

1. Nf3 c5 2. g3 b6 3. Bg2 Bb7 4. O-O Nf6 5. d3 d6 6. e4 g6 7. Re1 Bg7 8. Nbd2
Nbd7 9. c3 O-O 10. h3 b5 11. Nh4 Qb6 12. Kh2 a5 13. f4 Rab8 14. g4 Ba6 15. Nf1
b4 16. c4 Bb7 17. Ne3 Bc6 18. g5 Ne8 19. Nd5 Qd8 20. Nf3 a4 21. Rb1 Nc7 22. h4
Bxd5 23. exd5 b3 24. a3 e6 25. dxe6 fxe6 26. d4 d5 27. cxd5 Nxd5 28. dxc5 Nxc5
29. Kg3 Qc7 30. Ne5 Rbd8 31. Qe2 Nxf4 32. Bxf4 Rxf4 33. Kxf4 Bxe5+ 34. Kg4 Rd4+
35. Kh3 Bg3 36. Bf3 Rxh4+ 37. Kg2 Rh2+ 38. Kg1 Rxe2 39. Rxe2 Qf4 40. Bg2 Nd3
0-1

[Event "1st League CS 2011"]
[Site "Kraljevo"]
[Date "2011.09.20"]
[Round "5.3"]
[White "Rajkovic, Dusan"]
[Black "Nestorovic, Nikola"]
[Result "0-1"]
[WhiteElo "2415"]
[BlackElo "2464"]
[PlyCount "133"]
[EventDate "2011.09.17"]

1. d4 Nf6 2. Nf3 e6 3. c4 b6 4. g3 Ba6 5. Qa4 Bb7 6. Bg2 c5 7. dxc5 Bxc5 8. O-O
O-O 9. Nc3 a6 10. Bf4 Be7 11. Rfd1 d6 12. Rd2 Qc7 13. Rad1 Rd8 14. Qb3 Ne8 15.
Bg5 Nf6 16. Bf4 h6 17. Na4 Ne4 18. Rc2 Nd7 19. Be3 Rab8 20. Ne1 Bc6 21. Nc3
Nec5 22. Qa3 Bxg2 23. Nxg2 Ne5 24. b3 Qb7 25. Qc1 b5 26. cxb5 axb5 27. Bxc5
dxc5 28. Rxd8+ Rxd8 29. Rd2 Rxd2 30. Qxd2 b4 31. Na4 Qe4 32. Ne3 g5 33. Qc2 Qd4
34. Nb6 f5 35. Nbc4 Nc6 36. g4 Qa1+ 37. Kg2 Nd4 38. Qd3 Qxa2 39. gxf5 Qxe2 40.
Qe4 g4 41. Ne5 Nxf5 42. N5xg4 Nh4+ 43. Kg3 Nf5+ 44. Kg2 Kf8 45. Kg1 h5 46. Qa8+
Kf7 47. Ne5+ Kg7 48. Nxf5+ exf5 49. Qd5 Qe1+ 50. Kg2 Qe4+ 51. Qxe4 fxe4 52. Nc4
Kf6 53. h3 Kf5 54. Kf1 Kf4 55. Ke2 Bf6 56. Kf1 Bd4 57. Ke2 Bc3 58. Ne3 Bg7 59.
Nc4 Bh6 60. Kf1 Bg5 61. Ke2 Bh6 62. Kf1 Kf5 63. Ke2 Ke6 64. Kd1 Kd5 65. Kc2 Kd4
66. Nd6 Bg5 67. Nc4 0-1

[Event "1st League CS 2011"]
[Site "Kraljevo"]
[Date "2011.09.20"]
[Round "5.3"]
[White "Todorovic, Jovan"]
[Black "Ristic, Nenad"]
[Result "0-1"]
[WhiteElo "2420"]
[BlackElo "2420"]
[PlyCount "92"]
[EventDate "2011.09.17"]

1. e4 c5 2. Nf3 d6 3. d4 cxd4 4. Nxd4 Nf6 5. Nc3 g6 6. Be3 Bg7 7. f3 O-O 8. Qd2
Nc6 9. O-O-O d5 10. exd5 Nxd5 11. Nxc6 bxc6 12. Bd4 Bxd4 13. Qxd4 Qb6 14. Bc4
Ne3 15. Na4 Qxd4 16. Rxd4 Bf5 17. Bb3 Nxg2 18. Rg1 e5 19. Rc4 Nf4 20. Re1 Rfe8
21. Rxc6 Re7 22. Nc3 Kg7 23. Nd5 Nxd5 24. Bxd5 Rc8 25. Rxc8 Bxc8 26. c4 f5 27.
b4 Kf6 28. Kd2 g5 29. b5 h5 30. a4 g4 31. f4 exf4 32. Rxe7 Kxe7 33. c5 Be6 34.
Bc6 Kd8 35. b6 axb6 36. cxb6 h4 37. a5 Bc4 38. Bb7 f3 39. Ke1 f4 40. h3 gxh3
41. Bxf3 h2 42. Kf2 h3 43. Bb7 Ba6 44. Bg2 hxg2 45. Kxg2 f3+ 46. Kxh2 f2 0-1

[Event "1st League CS 2011"]
[Site "Kraljevo"]
[Date "2011.09.20"]
[Round "5.3"]
[White "Ristic, Nebojsa M"]
[Black "Mijailovic, Zoran"]
[Result "1/2-1/2"]
[WhiteElo "2379"]
[BlackElo "2414"]
[PlyCount "74"]
[EventDate "2011.09.17"]

1. c4 c5 2. Nc3 g6 3. g3 Bg7 4. Bg2 Nc6 5. a3 d6 6. Rb1 a5 7. Nf3 Nf6 8. O-O
O-O 9. d3 Bd7 10. Bg5 h6 11. Bd2 Ne8 12. Ne1 Nc7 13. Nc2 a4 14. Ne3 Na5 15.
Nxa4 Nxc4 16. Nxc4 Bxa4 17. Qc1 Rb8 18. Bxh6 Ne6 19. Bxg7 Kxg7 20. b4 cxb4 21.
Rxb4 Bc6 22. Qb2+ Kg8 23. Rb1 Ra8 24. Nb6 Ra6 25. Rh4 Ng7 26. e4 e5 27. Nc4 Ne6
28. Qd2 Qg5 29. Qxg5 Nxg5 30. f4 Ne6 31. f5 Nd4 32. Nxd6 Rxa3 33. Nc4 Rxd3 34.
Nxe5 Rd2 35. Nc4 Re2 36. Rb2 Rxb2 37. Nxb2 gxf5 1/2-1/2

[Event "1st League CS 2011"]
[Site "Kraljevo"]
[Date "2011.09.20"]
[Round "5.3"]
[White "Lapcevic, Milos"]
[Black "Todorovic, Goran N"]
[Result "1/2-1/2"]
[WhiteElo "2420"]
[BlackElo "2396"]
[PlyCount "57"]
[EventDate "2011.09.17"]

1. d4 Nf6 2. c4 e6 3. Nc3 d5 4. Bg5 Be7 5. e3 O-O 6. Nf3 Nbd7 7. Qc2 c5 8. cxd5
Nxd5 9. Bxe7 Qxe7 10. Nxd5 exd5 11. Bd3 g6 12. dxc5 Nxc5 13. O-O Bg4 14. Nd4
Rac8 15. Rac1 Qg5 16. Be2 Ne4 17. Qd3 Bxe2 18. Nxe2 Qe5 19. Qd4 Qxd4 20. Nxd4
Rfd8 21. Rfd1 h5 22. Kf1 Kf8 23. Ke2 Ke7 24. f3 Nf6 25. Kd3 Nd7 26. b3 Nc5+ 27.
Kd2 Ne6 28. Ne2 Rc6 29. h4 1/2-1/2

[Event "1st League CS 2011"]
[Site "Kraljevo"]
[Date "2011.09.20"]
[Round "5.3"]
[White "Djokic, Nenad"]
[Black "Stankovic, Milos"]
[Result "1-0"]
[WhiteElo "2362"]
[BlackElo "2375"]
[PlyCount "153"]
[EventDate "2011.09.17"]

1. d4 Nf6 2. Nf3 e6 3. Bf4 b6 4. e3 Nh5 5. Bg3 Bb7 6. Bd3 Be7 7. c4 d6 8. Nc3
Nd7 9. Qc2 Nxg3 10. hxg3 Nf6 11. e4 Ng4 12. O-O e5 13. Rad1 O-O 14. Be2 Qc8 15.
Nh4 g6 16. Nd5 Bd8 17. Bxg4 Qxg4 18. Nf3 Qe6 19. Rfe1 c6 20. Ne3 b5 21. d5 cxd5
22. exd5 Qd7 23. c5 dxc5 24. Qxc5 f6 25. d6 Bb6 26. Qb4 Rac8 27. Nd5 Bxd5 28.
Rxd5 Rfd8 29. Red1 a6 30. a4 e4 31. Qxe4 bxa4 32. Qd3 Rc6 33. Nh2 Bc5 34. Qf3
f5 35. Qd3 Rxd6 36. Rxd6 Bxd6 37. Qxa6 Qe7 38. Nf3 Bc7 39. Re1 Qd6 40. Qc4+ Kg7
41. Ng5 Qd7 42. Ne6+ Kh8 43. Qxc7 Qxc7 44. Nxc7 Rd2 45. Rb1 Rd3 46. Nb5 Rb3 47.
Na3 Kg7 48. Kf1 Kf6 49. Ke2 Ke5 50. Kd2 h5 51. Kc2 f4 52. gxf4+ Kxf4 53. Rd1
Rb4 54. Rd3 g5 55. Nb1 h4 56. Nc3 Rc4 57. Kb1 Ke5 58. Rd5+ Kf6 59. f3 g4 60.
Ne4+ Ke6 61. Rg5 gxf3 62. gxf3 Rd4 63. Rh5 Rd1+ 64. Kc2 Rh1 65. f4 Rh2+ 66. Kc3
Rh3+ 67. Kd4 Rh2 68. Nc5+ Kf6 69. Nxa4 h3 70. b4 Rh1 71. Nc5 h2 72. Nd3 Kg6 73.
Rh4 Kf6 74. Ke3 Kg6 75. b5 Rb1 76. Rxh2 Rxb5 77. Ke4 1-0

[Event "1st League CS 2011"]
[Site "Kraljevo"]
[Date "2011.09.20"]
[Round "5.4"]
[White "Radulski, Julian"]
[Black "Stojanovski, Dejan"]
[Result "1/2-1/2"]
[WhiteElo "2572"]
[BlackElo "2427"]
[PlyCount "44"]
[EventDate "2011.09.17"]

1. e4 c5 2. Nf3 Nc6 3. d4 cxd4 4. Nxd4 g6 5. Nc3 Bg7 6. Be3 Nf6 7. Nxc6 bxc6 8.
e5 Nd5 9. Nxd5 cxd5 10. Qxd5 Rb8 11. Bxa7 Rxb2 12. Bd4 Rb8 13. Bc4 O-O 14. O-O
Bb7 15. Qc5 d6 16. exd6 exd6 17. Qa7 Bxg2 18. Kxg2 Ra8 19. Qb6 Qd7 20. Bxg7
Qg4+ 21. Kh1 Qf3+ 22. Kg1 Qg4+ 1/2-1/2

[Event "1st League CS 2011"]
[Site "Kraljevo"]
[Date "2011.09.20"]
[Round "5.4"]
[White "Djukic, Zeljko"]
[Black "Arsovic, Zoran"]
[Result "1/2-1/2"]
[WhiteElo "2399"]
[BlackElo "2444"]
[PlyCount "38"]
[EventDate "2011.09.17"]

1. d4 Nf6 2. c4 g6 3. Nc3 Bg7 4. e4 d6 5. f3 O-O 6. Be3 c5 7. d5 e6 8. Qd2 exd5
9. cxd5 Re8 10. Nge2 Nbd7 11. Nc1 a6 12. a4 Nh5 13. g4 Ne5 14. Qg2 Nf6 15. h3
Qa5 16. Bd2 Qb4 17. Nd1 Qb6 18. Be2 c4 19. Qf2 Qd8 1/2-1/2

[Event "1st League CS 2011"]
[Site "Kraljevo"]
[Date "2011.09.20"]
[Round "5.4"]
[White "Marinkovic, Ivan"]
[Black "Djokic, Vladan"]
[Result "1/2-1/2"]
[WhiteElo "2425"]
[BlackElo "2299"]
[PlyCount "37"]
[EventDate "2011.09.17"]

1. e4 c5 2. Nf3 e6 3. g3 d6 4. d4 cxd4 5. Nxd4 Nf6 6. Bg2 Be7 7. O-O O-O 8. c4
a6 9. Nc3 Qc7 10. b3 Bd7 11. Be3 Nc6 12. Rc1 Nxd4 13. Bxd4 Rac8 14. Re1 Be8 15.
f4 Kh8 16. h3 Qb8 17. Qe2 b5 18. e5 dxe5 19. fxe5 1/2-1/2

[Event "1st League CS 2011"]
[Site "Kraljevo"]
[Date "2011.09.20"]
[Round "5.4"]
[White "Djukic, Stevan"]
[Black "Martinovic, Slobodan"]
[Result "1/2-1/2"]
[WhiteElo "2226"]
[BlackElo "2436"]
[PlyCount "50"]
[EventDate "2011.09.17"]

1. d4 Nf6 2. c4 c5 3. d5 e5 4. Nc3 d6 5. e4 Nbd7 6. f4 g6 7. Nf3 exf4 8. Bxf4
Nh5 9. Bg5 Be7 10. Bh6 Ndf6 11. e5 Ng4 12. exd6 Bxd6 13. Qe2+ Kd7 14. Bg5 Qa5
15. O-O-O Re8 16. Qc2 f6 17. h3 Ne3 18. Bxe3 Rxe3 19. Bd3 Nf4 20. Rhe1 Nxd3+
21. Rxd3 Rxe1+ 22. Nxe1 Qb4 23. b3 a6 24. Qf2 Kc7 25. Nc2 Qa5 1/2-1/2

[Event "1st League CS 2011"]
[Site "Kraljevo"]
[Date "2011.09.20"]
[Round "5.4"]
[White "Arsovic, Goran"]
[Black "Stankovic, Dejan"]
[Result "1-0"]
[WhiteElo "2409"]
[BlackElo "2281"]
[PlyCount "85"]
[EventDate "2011.09.17"]

1. d4 d5 2. Nf3 Nf6 3. c4 c6 4. e3 Bf5 5. Nc3 e6 6. Nh4 Be4 7. f3 Bg6 8. Qb3
Qb6 9. Nxg6 hxg6 10. Bd2 Nbd7 11. O-O-O Qxb3 12. axb3 Bb4 13. Bd3 O-O-O 14. Kc2
a6 15. h3 c5 16. Bc1 cxd4 17. exd4 dxc4 18. bxc4 Nb8 19. Be3 Nc6 20. Be4 Bxc3
21. Kxc3 Nxe4+ 22. fxe4 e5 23. d5 Ne7 24. Rdf1 f6 25. h4 Kd7 26. g4 f5 27. gxf5
gxf5 28. Bc5 f4 29. Rfg1 Rdg8 30. Bxe7 Kxe7 31. Rg5 Kd6 32. b4 b6 33. Rg6+ Kc7
34. c5 Rh6 35. Rhg1 Rxg6 36. Rxg6 bxc5 37. bxc5 f3 38. Kd2 f2 39. Ke2 Rf8 40.
Rxg7+ Kb8 41. Kf1 a5 42. c6 Rf6 43. Rb7+ 1-0

[Event "1st League CS 2011"]
[Site "Kraljevo"]
[Date "2011.09.20"]
[Round "5.5"]
[White "Misailovic, Nebojsa"]
[Black "Blesic, Vaso"]
[Result "1/2-1/2"]
[WhiteElo "2301"]
[BlackElo "2397"]
[PlyCount "98"]
[EventDate "2011.09.17"]

1. e4 c5 2. Nf3 g6 3. c4 Nc6 4. d4 cxd4 5. Nxd4 Nf6 6. Nc3 d6 7. Be2 Nxd4 8.
Qxd4 Bg7 9. O-O O-O 10. Bg5 Be6 11. Qe3 Qb6 12. Rab1 Rfc8 13. Nd5 Qxe3 14. Bxe3
Bxd5 15. exd5 b5 16. cxb5 Nxd5 17. Bf3 Nxe3 18. fxe3 Rab8 19. Bc6 Bxb2 20. Rf4
Ba3 21. Rbf1 f6 22. Ra4 Bc5 23. Kf2 Kf7 24. Ke2 Rc7 25. Kd3 Rb6 26. Rc4 a6 27.
a4 axb5 28. axb5 Ra7 29. Rxc5 dxc5 30. Kc4 Ra2 31. Kxc5 Rb8 32. Rc1 f5 33. Rc4
Kf6 34. h3 Ke5 35. Rc3 g5 36. Rc4 Ra3 37. b6 Rxe3 38. Rb4 Rc3+ 39. Kb5 Rd3 40.
Kc5 Kf6 41. b7 e5 42. Kb6 e4 43. g4 e3 44. gxf5 Rc3 45. Kc7 Rxb7+ 46. Kxb7 e2
47. Re4 Rxh3 48. Rxe2 Rb3+ 49. Kc7 Kxf5 1/2-1/2

[Event "1st League CS 2011"]
[Site "Kraljevo"]
[Date "2011.09.20"]
[Round "5.5"]
[White "Raicevic, Momcilo"]
[Black "Boskovic, Drasko"]
[Result "0-1"]
[WhiteElo "2379"]
[BlackElo "2417"]
[PlyCount "88"]
[EventDate "2011.09.17"]

1. c4 c5 2. g3 Nc6 3. Bg2 g6 4. Nc3 Bg7 5. a3 d6 6. Rb1 Nh6 7. e3 Nf5 8. Nge2
O-O 9. b4 Qd7 10. O-O e6 11. d3 Qc7 12. Bb2 Rb8 13. Nb5 Qe7 14. Bxg7 Kxg7 15.
d4 cxd4 16. e4 Nh6 17. Nexd4 Rd8 18. Qd2 a6 19. Nxc6 bxc6 20. Nd4 Bb7 21. Qc3
Kg8 22. Nb3 c5 23. bxc5 dxc5 24. Qe3 Ng4 25. Qxc5 Qf6 26. Na5 Rbc8 27. Qb6 Ba8
28. Qxa6 Qc3 29. Nb7 Rd2 30. Nc5 Rxc5 31. Qxa8+ Kg7 32. Qa7 Ra5 33. Qe7 Qd4 34.
Rb8 Qc5 35. Qe8 Nxf2 36. Qh8+ Kh6 37. Qf8+ Qxf8 38. Rxf8 Ng4 39. R8xf7 Rxa3 40.
h3 Rxg3 41. R7f2 Nxf2 42. Rxf2 Rxf2 43. Kxf2 Rc3 44. Bf1 Kg5 0-1

[Event "1st League CS 2011"]
[Site "Kraljevo"]
[Date "2011.09.20"]
[Round "5.5"]
[White "Pavlovic, Dejan S"]
[Black "Jovanovic, Nenad R"]
[Result "1-0"]
[WhiteElo "2430"]
[BlackElo "2338"]
[PlyCount "67"]
[EventDate "2011.09.17"]

1. e4 d5 2. exd5 Nf6 3. d4 Nxd5 4. Nf3 Nb6 5. c4 Bg4 6. c5 N6d7 7. Be2 e6 8.
Qb3 b6 9. Be3 Be7 10. O-O O-O 11. h3 Bh5 12. Rd1 Nf6 13. Nc3 c6 14. g4 Bg6 15.
Ne5 Nd5 16. Nxd5 cxd5 17. Rac1 f6 18. Nxg6 hxg6 19. Bf4 bxc5 20. dxc5 Nc6 21.
Qb7 Ne5 22. b4 Rb8 23. Qa6 Kf7 24. b5 Qc7 25. Be3 Ra8 26. c6 Rh8 27. Qb7 Bd6
28. Bc5 Rhb8 29. Qxc7+ Bxc7 30. f4 Nc4 31. Bxc4 Bxf4 32. Bf1 Bxc1 33. Rxc1 f5
34. Bd4 1-0

[Event "1st League CS 2011"]
[Site "Kraljevo"]
[Date "2011.09.20"]
[Round "5.5"]
[White "Vencl, Radivoje"]
[Black "Ratkovic, Milovan"]
[Result "1-0"]
[WhiteElo "2315"]
[BlackElo "2177"]
[PlyCount "131"]
[EventDate "2011.09.17"]

1. d4 d5 2. Nf3 Nf6 3. c3 Bf5 4. Qb3 Qc8 5. Bg5 e6 6. Nbd2 h6 7. Bf4 Nbd7 8.
Rc1 Be7 9. c4 c6 10. e3 O-O 11. h3 Ne4 12. Be2 Ndf6 13. O-O Bd6 14. Nxe4 Nxe4
15. Bxd6 Nxd6 16. Nd2 Qd7 17. f3 Rfe8 18. c5 Nc8 19. Qc3 Ne7 20. b4 Qc7 21. e4
Bh7 22. e5 Rf8 23. f4 f6 24. Bg4 Bf5 25. Rce1 fxe5 26. dxe5 a5 27. a3 axb4 28.
axb4 Ra2 29. Nb3 Rfa8 30. Ra1 Qc8 31. Nd4 Be4 32. Rxa2 Rxa2 33. Rf2 Rxf2 34.
Kxf2 Nf5 35. Bxf5 Bxf5 36. g4 Be4 37. Qa3 Kf7 38. h4 g5 39. f5 exf5 40. gxf5 g4
41. e6+ Kf6 42. Qe3 Ke5 43. Qc3 Bxf5 44. Nxc6+ Kxe6 45. Qe5+ Kf7 46. Qxd5+ Kf6
47. Qe5+ Kf7 48. Qe7+ Kg8 49. Nd8 Bg6 50. Qf6 g3+ 51. Kxg3 Qc7+ 52. Kg4 Kh7 53.
Ne6 Qd7 54. Kg3 Qd3+ 55. Qf3 Qb5 56. Qc3 Qd3+ 57. Qxd3 Bxd3 58. Nd8 Be4 59. b5
Kg6 60. b6 Kf6 61. c6 Bxc6 62. Nxc6 Ke6 63. Na5 Kd6 64. Kf4 Kc5 65. Nxb7+ Kxb6
66. Kf5 1-0

[Event "1st League CS 2011"]
[Site "Kraljevo"]
[Date "2011.09.20"]
[Round "5.5"]
[White "Civric, Zdravko"]
[Black "Lukic, Dragan M"]
[Result "1/2-1/2"]
[WhiteElo "2203"]
[BlackElo "2307"]
[PlyCount "120"]
[EventDate "2011.09.17"]

1. e4 Nf6 2. e5 Nd5 3. d4 d6 4. Nf3 dxe5 5. Nxe5 Nd7 6. Nf3 e6 7. c4 N5f6 8.
Nc3 c5 9. d5 Nb6 10. Bf4 a6 11. Qe2 Bd6 12. Bg5 O-O 13. Qd2 exd5 14. cxd5 Re8+
15. Be2 h6 16. Bh4 Nc4 17. Qc2 Ne5 18. O-O Ng6 19. Bg3 Nf4 20. Bxf4 Bxf4 21. g3
Bd6 22. a4 b6 23. Nh4 Bg4 24. Rfe1 Bxe2 25. Rxe2 Be5 26. Rd1 Bd4 27. Nf5 Bxc3
28. Rxe8+ Qxe8 29. Qxc3 Qxa4 30. Rd3 Qe4 31. Rf3 Re8 32. Nxh6+ gxh6 33. Qxf6
Qxd5 34. h4 c4 35. Kh2 Re1 36. Qf4 b5 37. Kg2 Rd1 38. Qg4+ Kh7 39. Kh2 b4 40.
Rxf7+ Qxf7 41. Qxd1 Qxf2+ 42. Kh3 Qf5+ 43. Kh2 c3 44. bxc3 bxc3 45. Qd6 Qf2+
46. Kh3 Qf1+ 47. Kh2 Qe2+ 48. Kh3 c2 49. Qd7+ Kg6 50. Qd6+ Kf5 51. Qd5+ Qe5 52.
Qf3+ Kg6 53. Qc6+ Qf6 54. Qe8+ Kh7 55. Qe4+ Qg6 56. Qe7+ Kg8 57. Qd8+ Kg7 58.
Qd7+ Qf7 59. Qg4+ Qg6 60. Qd7+ Qf7 1/2-1/2

[Event "1st League CS 2011"]
[Site "Kraljevo"]
[Date "2011.09.20"]
[Round "5.5"]
[White "Nikolajevic, Branislav"]
[Black "Ratkovic, Miloje"]
[Result "0-1"]
[WhiteElo "2176"]
[BlackElo "2135"]
[PlyCount "70"]
[EventDate "2011.09.17"]

1. e4 c6 2. Nf3 d5 3. Nc3 Bg4 4. exd5 cxd5 5. h3 Bh5 6. g4 Bg6 7. Bb5+ Nc6 8.
Ne5 Rc8 9. d4 e6 10. h4 f6 11. Nxg6 hxg6 12. Qd3 Kf7 13. Bxc6 Rxc6 14. Bd2 Bb4
15. O-O-O Ne7 16. Kb1 a6 17. Ne2 Bxd2 18. Rxd2 b5 19. Ng3 Qd6 20. Qe3 a5 21. f4
a4 22. h5 gxh5 23. Rxh5 Rxh5 24. gxh5 a3 25. bxa3 b4 26. Rd3 Rc4 27. axb4 Rxb4+
28. Rb3 Nc6 29. Ne2 Na5 30. Qd3 Nxb3 31. Qg6+ Kf8 32. axb3 Qe7 33. Kb2 Qf7 34.
Qh7 Rb7 35. f5 e5 0-1

[Event "1st League CS 2011"]
[Site "Kraljevo"]
[Date "2011.09.20"]
[Round "5.6"]
[White "Solomunovic, Igor"]
[Black "Nestorovic, Dejan"]
[Result "1-0"]
[WhiteElo "2402"]
[BlackElo "2390"]
[PlyCount "95"]
[EventDate "2011.09.17"]

1. d4 Nf6 2. Nf3 g6 3. Bg5 Bg7 4. c3 O-O 5. Nbd2 d5 6. e3 Nbd7 7. Be2 Re8 8.
O-O c6 9. b4 e5 10. Rc1 h6 11. Bh4 e4 12. Ne1 b5 13. a4 a6 14. Nb3 Nb6 15. Nc5
Nc4 16. Ra1 g5 17. Bg3 Nd7 18. axb5 cxb5 19. Nc2 f5 20. Na3 Ndb6 21. Nxc4 dxc4
22. f3 Nd5 23. Qc1 f4 24. Bf2 fxe3 25. Bxe3 exf3 26. Bxf3 Ra7 27. Bd2 Nf6 28.
h3 Qd6 29. Qc2 g4 30. hxg4 Nxg4 31. Bf4 Qb6 32. Rae1 Rae7 33. Rxe7 Rxe7 34. d5
Ne3 35. Bxe3 Rxe3 36. Qd2 Rxc3 37. Qf4 a5 38. Be4 Qa7 39. d6 axb4 40. Bd5+ Kh8
41. Kh1 Ra3 42. d7 Bxd7 43. Qf7 Qb8 44. Nxd7 Qd8 45. Nf6 Bxf6 46. Rxf6 Ra1+ 47.
Kh2 Qb8+ 48. g3 1-0

[Event "1st League CS 2011"]
[Site "Kraljevo"]
[Date "2011.09.20"]
[Round "5.6"]
[White "Kostic, Nebojsa"]
[Black "Rabrenovic, Vladan"]
[Result "0-1"]
[WhiteElo "2295"]
[BlackElo "2378"]
[PlyCount "96"]
[EventDate "2011.09.17"]

1. c4 Nf6 2. Nc3 d5 3. cxd5 Nxd5 4. g3 g6 5. Bg2 Nxc3 6. bxc3 Bg7 7. Rb1 Nc6 8.
h4 h6 9. Qc2 O-O 10. d3 Qd7 11. Nh3 b6 12. O-O Bb7 13. Be3 Na5 14. c4 Bxg2 15.
Kxg2 c5 16. f3 Nc6 17. Rh1 e5 18. Qd2 Kh7 19. h5 g5 20. g4 f5 21. gxf5 Qxf5 22.
Nf2 Nd4 23. Rh3 Ne6 24. a4 Nf4+ 25. Bxf4 exf4 26. a5 Bd4 27. Ng4 Rab8 28. Rhh1
Rfe8 29. Rhe1 Re6 30. axb6 axb6 31. Rbc1 Qf7 32. Rh1 Qe8 33. Rc2 Ra8 34. Nf2
Ra3 35. Ne4 Be3 36. Qe1 Qg8 37. Nf2 Bxf2 38. Kxf2 g4 39. Qg1 g3+ 40. Kg2 Qe8
41. Qd1 Re5 42. Qd2 Re3 43. Rb2 Ra7 44. Qd1 Rae7 45. Kf1 R7e5 46. d4 Rxh5 47.
Qb1+ Kg7 48. Rg1 Rh2 0-1

[Event "1st League CS 2011"]
[Site "Kraljevo"]
[Date "2011.09.20"]
[Round "5.6"]
[White "Kojovic, Dragan"]
[Black "Organdziev, Oliver"]
[Result "1/2-1/2"]
[WhiteElo "2367"]
[BlackElo "2300"]
[PlyCount "58"]
[EventDate "2011.09.17"]

1. d4 d5 2. Nf3 Bf5 3. c4 e6 4. Nc3 c6 5. Qb3 Qb6 6. c5 Qc7 7. Bf4 Qc8 8. Nh4
Nf6 9. Nxf5 exf5 10. e3 Be7 11. Bd3 O-O 12. h3 Ne4 13. Qc2 g6 14. O-O Na6 15.
Bxa6 bxa6 16. f3 Ng5 17. Rad1 Ne6 18. Be5 Qd7 19. Qe2 Qb7 20. g4 fxg4 21. hxg4
Rae8 22. Qh2 f6 23. Bg3 f5 24. Be5 Qd7 25. Rd2 Ng7 26. Qh6 Bf6 27. Bd6 Be7 28.
Be5 Bf6 29. Bd6 Be7 1/2-1/2

[Event "1st League CS 2011"]
[Site "Kraljevo"]
[Date "2011.09.20"]
[Round "5.6"]
[White "Lazic, Dragoljub"]
[Black "Dudukovic, Nikola"]
[Result "1/2-1/2"]
[WhiteElo "2295"]
[BlackElo "2252"]
[PlyCount "45"]
[EventDate "2011.09.17"]

1. e4 e6 2. Nf3 d5 3. Nc3 Nf6 4. e5 Nfd7 5. d4 c5 6. dxc5 Nc6 7. Bf4 Bxc5 8.
Bd3 a6 9. O-O Be7 10. Qd2 h6 11. Bg3 g5 12. h3 h5 13. Rae1 Nc5 14. a3 Rg8 15.
b4 Nxd3 16. Qxd3 Rg7 17. Nd4 Bd7 18. Nb3 h4 19. Bh2 Na7 20. Nd4 Nc6 21. Rd1
Nxd4 22. Qxd4 Kf8 23. Rd2 1/2-1/2